Word Ladder: Cycling Quiz Stats

 Plays Quiz Updated Aug 1, 2012

Support Sporcle.
Go Orange.
Score 0/25 Timer 02:00
0 Plays Today
Clue Word % Correct
Two-wheeled vehicle⊙ BIKE ⊙
98.3%
Be fond ofLIKE
93.3%
Object for preventing bicycle theft⊙ LOCK ⊙
92.9%
'Stuck between a ____ and a hard place'ROCK
90.8%
Spherical toyBALL
89.2%
Road section sometimes dedicated to cyclists⊙ LANE ⊙
88.1%
'Not the sharpest ____ in the shed'TOOL
87.8%
Road feeTOLL
87.6%
Largest cycling event: ____ de France⊙ TOUR ⊙
87.5%
Place to secure a bicycle⊙ RACK ⊙
86.8%
This helps keep your shoe snugLACE
86.7%
Bicycle accessory to alert others⊙ BELL ⊙
86.5%
DeficiencyLACK
86.5%
Clue Word % Correct
PosteriorBACK
84.9%
y = mx + bLINE
83.3%
Communicate informationTELL
82.8%
Transfer water from a pitcherPOUR
82.3%
Illegal pitcher motion in baseballBALK
80.5%
Wild pigBOAR
80.1%
Deficient of moneyPOOR
79.4%
Yogi or Boo-Boo, for exampleBEAR
78.1%
Rude personBOOR
71.2%
Sharp sound made by a hornTOOT
70.6%
Solicit customersTOUT
64.3%
Bicycle device that determines pedal speed⊙ GEAR ⊙
55.5%

Today's Daily Dose

Word Ladder
ING Words

Get the Picture
Nearest Volcano

From the Vault

Commonly Asked About Literature

by Rainmaker203

Someone should really lobby the NAQT about adding Twilight...well maybe not.
Remove Ads.
Support Sporcle.
Get the best of Sporcle when you Go Orange. This ad-free experience offers more features, more stats, and more fun while also helping to support Sporcle. Thank you for becoming a member.

Show Comments

Extras

Top Quizzes Today


Score Distribution

Your Account Isn't Verified!

In order to create a playlist on Sporcle, you need to verify the email address you used during registration. Go to your Sporcle Settings to finish the process.

Report this User

Report this user for behavior that violates our Community Guidelines.

Details: